00706nam a2200205Ia 4500003000900000008004100009040001600050080002100066100001900087245008500106260004600191300001600237650002700253650003100280650002400311650002800335942000700363999001300370952011700383IN-BaIIA211028s9999 xx 000 0 eng d cIIA Library a552.5:083.8bTAB aSimpson, G. C. 0aTables for the reduction of meteorological observations in IndiacSimpson G. C.  aCalcuttabGovernment of India Pressc1925 axiii, 111p. aEarth Atmospheres9276 aMeteorological-Tables9277 aNASA Thesaurus9100 aTables-Meteorology9278 cBK c133d133 00104070aBANbKODcGENd0000-00-00g5.80l0o552.5:083.8/ TABp92r2021-11-05v5.80w0000-00-00yBKGRs. 5.80